Tokyo : A confidential guide to the greatest

Đã lưu trong:
书目详细资料
企业作者: Donald Clair Briggs
格式: 图书
语言:Undetermined
出版: Tokyo Don Briggs Production 1977
主题:
标签: 添加标签
没有标签, 成为第一个标记此记录!
Thư viện lưu trữ: Trung tâm Học liệu Trường Đại học Cần Thơ
LEADER 00527nam a2200193Ia 4500
001 CTU_111506
008 210402s9999 xx 000 0 und d
082 |a 915.2044 
082 |b D676 
110 |a Donald Clair Briggs 
245 0 |a Tokyo : 
245 2 |b A confidential guide to the greatest 
260 |a Tokyo 
260 |b Don Briggs Production 
260 |c 1977 
650 |a Tokyo (Japan),Japan 
650 |x Maps,Description and travel 
904 |i Năm 
980 |a Trung tâm Học liệu Trường Đại học Cần Thơ